000 01352nam a22002657a 4500
999 _c934
_d934
003 AR-CdUCM
008 190225b ||||| |||| 00| 0 spa d
020 _a9789972674051
040 _aMUNICIPALIDAD PROVINCIAL DEL CUSCO
_cBIBLIOTECA MUNICIPAL DEL CUSCO
082 _212ed.
_a918.5 /
_bP95
100 _aPulgar Vidal, Javier
_93609
245 _aGeografía del Perú :
_blas ocho regiones naturales del Perú /
260 _aLima :
_bPontificia Universidad Católica del Perú;
_bInstituto de Ciencias de la Naturaleza, Territorio y Energías Renovables,
_c2014.
300 _a262 páginas ;
_c28.5 cm.
_bIlustraciones, fotografías, Imágenes.
505 _aContenido: Las ocho regiones naturales del Perú -- Los ocho grupos humanos -- Las siete canastas alimentarias -- Las tres selvas del Antisuyo -- La sabiduría ecológica tradicional peruana y las 96 zonas de vida natural -- La regionalización transversal del Perú...
650 _aGeografía - Perú
_93610
650 _aEcosistemas - Perú
_93611
650 _aEcología - Perú
_93612
650 _aBiodiversidad -- Perú
_93613
650 _aPerú - regiones
_93614
710 _aPontifica Universidad Católica del Perú
_93615
710 _aInstituto de Ciencias de la Naturaleza, Territorio y Energías Renovables
_93616
942 _2ddc
_cLIBROS
945 _alccs
_d2019-02-25